Catálogo
 En Linea

Jubileo universitario 2000 en la República Dominicana : (Registro nro. 25390)

Detalles MARC
000 -CABECERA
campo de control de longitud fija 01291nam a2200265 a 4500
001 - NÚMERO DE CONTROL
campo de control 000025898
003 - IDENTIFICADOR DEL NÚMERO DE CONTROL
campo de control DO-SdBNP
005 - FECHA Y HORA DE LA ÚLTIMA TRANSACCIÓN
campo de control 20230209102835.0
007 - CAMPO FIJO DE DESCRIPCIÓN FÍSICA--INFORMACIÓN GENERAL
campo de control de longitud fija ta
008 - DATOS DE LONGITUD FIJA--INFORMACIÓN GENERAL
campo de control de longitud fija 110224s2000 dr a 000 0 spa d
040 ## - FUENTE DE LA CATALOGACIÓN
Centro catalogador/agencia de origen DO-SdBNP
Lengua de catalogación spa
Centro/agencia transcriptor BNPHU
082 ## - NÚMERO DE LA CLASIFICACIÓN DECIMAL DEWEY
Número de clasificación 269.24
Número de documento/Ítem C748j
Número de edición 22
111 2# - ENTRADA PRINCIPAL--NOMBRE DE CONGRESO/REUNIÓN
Nombre de congreso/reunión o jurisdicción como elemento de entrada Conferencia del episcopado Dominicano.
Unidad subordinada Comisión Nacional de Pastoral Universitaria
Fecha del congreso/reunión (2000 oct. 28 :
Sede del congreso/Lugar de la reunión Santo Domingo)
9 (RLIN) 52756
245 10 - MENCIÓN DE TÍTULO
Título Jubileo universitario 2000 en la República Dominicana :
Resto del título la Universidad por un nuevo humanismo.
260 ## - PUBLICACIÓN, DISTRIBUCIÓN, ETC.
Lugar de publicación, distribución, etc. Santo Domingo :
Nombre del editor, distribuidor, etc. Amigo del Hogar,
Fecha de publicación, distribución, etc. 2000.
300 ## - DESCRIPCIÓN FÍSICA
Extensión 118 p. :
Otras características físicas il. ;
Dimensiones 22 cm.
500 ## - NOTA GENERAL
Nota general Incluye notas al pie de páginas
505 ## - NOTA DE CONTENIDO CON FORMATO
Nota de contenido con formato Himno del jubileo 13|Motivaciones a la celebracion del jubileo 17|Conferencia: Trascendencia del desarrollo de las universidades en República Dominicana 22|Conferencia: La universidad por un nuevo humanismo 51|Celebración eucarística 78|Nuestro compromiso ante el gran jubileo 98|Juramentación graduandos UASD 99|Palabras finales 100
590 ## - NOTA LOCAL (RLIN)
Nota local Inventariado, 2023 / DG
650 4# - PUNTO DE ACCESO ADICIONAL DE MATERIA--TÉRMINO DE MATERIA
Término de materia o nombre geográfico como elemento de entrada Catequesis
Subdivisión general Obras de divulgación
9 (RLIN) 83094
650 4# - PUNTO DE ACCESO ADICIONAL DE MATERIA--TÉRMINO DE MATERIA
Término de materia o nombre geográfico como elemento de entrada Religión
Subdivisión general Ensayos, conferencias, etc
9 (RLIN) 43726
710 2# - PUNTO DE ACCESO ADICIONAL--NOMBRE DE ENTIDAD CORPORATIVA
Nombre de entidad corporativa o nombre de jurisdicción como elemento de entrada Comisión Nacional de Pastoral Universitaria
9 (RLIN) 52757
910 ## - DATOS DE OPCIÓN DEL USUARIO (OCLC)
Datos de opción del usuario DG
942 ## - ELEMENTOS DE PUNTO DE ACCESO ADICIONAL (KOHA)
Fuente del sistema de clasificación o colocación Dewey Decimal Classification
Tipo de ítem Koha Libro
Existencias
Estado de retiro Estado de pérdida Restricciones de uso No para préstamo Código de colección Localización permanente Ubicación/localización actual Ubicación en estantería Fecha de adquisición Número de inventario Total de préstamos Signatura topográfica completa Código de barras Fecha visto por última vez Número de copia Precio válido a partir de Tipo de ítem Koha Fuente del sistema de clasificación o colocación Fuente de adquisición
    Préstamo en sala   Dominicana de Servicio Biblioteca Nacional Pedro Henríquez Ureña Biblioteca Nacional Pedro Henríquez Ureña En catalogación 20.07.2018     BNPHU DS 269.24 C748j 2023-0793 09.02.2023 e.4 09.02.2023 Libro Dewey Decimal Classification donado por CERTV
        Dominicana de Servicio General General Depósito 25.09.2013 LF1   xxx C748 25898-30 25.06.2020 e. 3 25.06.2020 Libro y Folleto Colección Dominicana de Servicio    
        Patrimonio Dominicano Patrimonio Dominicano Patrimonio Dominicano Depósito 24.02.2011 LF1   xxx C748 25898-10 25.06.2020   25.06.2020 Libro y Folleto Colección Patrimonio Dominicano    
      Excluido de préstamo Patrimonio Dominicano Patrimonio Dominicano Patrimonio Dominicano Depósito 21.06.2013 LF1   xxx C748 25898-20 25.06.2020 e. 2 25.06.2020 Libro y Folleto Colección Patrimonio Dominicano    

Con tecnología Koha